Biggest Cities in Himachal - Statistics

General Stats
  • This quiz has been taken 25 times
  • The average score is 4 of 10
Answer Stats
Population City % Correct
171,640 Shimla
95%
18,536 Kullu
67%
39,256 Solan
57%
26,422 Mandi
52%
29,911 Baddi
38%
19,933 Chamba
38%
30,764 Dharmsala
38%
28,899 Nahan
38%
24,344 Sundarnagar
14%
25,183 Paonta Sahib
10%
No matching quizzes found
Score Distribution
Percent of People with Each Score
Percentile by Number Answered
Your Score History
You have not taken this quiz